书目信息 |
| 题名: |
怎样修改病句
|
|
| 作者: | 赵运昌 编 | |
| 分册: | ||
| 出版信息: | 天津 南开大学出版社 1984 |
|
| 页数: | 239页 | |
| 开本: | 19cm | |
| 丛书名: | ||
| 单 册: | ||
| 中图分类: | H146.3 , H14 | |
| 科图分类: | ||
| 主题词: | 汉语-病句--分析 , 病句-汉语--分析 | |
| 电子资源: | ||
| ISBN: | ||
| 000 | 00619nam0 2200241 45 | |
| 001 | 1552804166 | |
| 005 | 20150127222358.90 | |
| 010 | @dCNY0.80 | |
| 091 | @aCN@b7001.3 | |
| 100 | @a19950630d1984 em y0chiy0121 ea | |
| 101 | 0 | @achi |
| 102 | @aCN@b120000 | |
| 105 | @ay z 000yy | |
| 200 | 10 | @a怎样修改病句@Azen yang xiu gai bing ju@f赵运昌编 |
| 210 | @a天津@c南开大学出版社@d1984 | |
| 215 | @a239页@d19cm | |
| 606 | @a汉语-病句@x分析 | |
| 606 | @a病句-汉语@x分析 | |
| 690 | @aH146.3@v3 | |
| 690 | @aH14@v4 | |
| 701 | 0 | @a赵运昌@Azhao yun chang@4编 |
| 801 | 0 | @aCN@bTSSF@c20150127 |
| 905 | @aZUCC@dH14@eJY34 | |
| 怎样修改病句/赵运昌编.-天津:南开大学出版社,1984 |
| 239页;19cm |
| ISBN :CNY0.80 |
| ● |
| 相关链接 |
|
|
|
|
正题名:怎样修改病句
索取号:H14/JY34
 
预约/预借
| 序号 | 登录号 | 条形码 | 馆藏地/架位号 | 状态 | 备注 |
| 1 | 7849820 | 278498207 | 学院路分馆/ [索取号:H14/JY34] | 在馆 | |
| 2 | 7849821 | 278498216 | 学院路分馆/ [索取号:H14/JY34] | 在馆 | |
| 3 | 7849822 | 278498225 | 学院路分馆/ [索取号:H14/JY34] | 在馆 |